British cities by population density - Statistics

General Stats
  • This quiz has been taken 80 times
  • The average score is 8 of 10
Answer Stats
People per square mile and county. Answer % Correct
12,790 Merseyside Liverpool
96%
13,870 London
91%
11,439 Manchester
91%
9,964 Nottinghamshire Nottingham
82%
11,800 Leicestershire Leicester
79%
11,840 Birmingham
77%
13,398 Bristol
68%
15,336 Hampshire Portsmouth
61%
11,939 Staffordshire Stoke on Trent
60%
9,626 Cardiff
55%
No matching quizzes found
Score Distribution
Percent of People with Each Score
Percentile by Number Answered
Your Score History
You have not taken this quiz